000 01592cam a22003614a 4500
001 sa 65000393
003 DLC
005 20260227112102.0
008 760826m19572002ii b b 001 0 eng
010 _asa 65000393
025 _aPL480:I-E-3361
040 _aDLC
_cDLC
_dDLC
043 _aa-ii---
050 0 0 _aDS485.M26
_bM14 1957
082 0 0 _a915.4/82
110 1 _aMadras (India : State)
245 1 0 _aMadras District gazetteers /
_cby B.S. Baliga.
246 1 _iVols. 6-11 have title:
_aTamil Nadu District gazetteers
246 1 _iVols. 12-14 have title:
_aTamil Nadu State
246 1 _iVols. 12-14 have spine title:
_aTamil Nadu District gazetteers
260 _aMadras :
_bPrinted by the Supt., Govt. Press,
_c1957-<2007>
300 _av. <14 in 17> :
_bcol. maps ;
_c26 cm.
490 0 _aGazetteer of India
500 _aVol. 1 only has special title.
500 _aEditors vary.
500 _aImprint varies.
500 _aMaps on folded leaves in pockets.
500 _aVol. 1 lacks series.
504 _aIncludes bibliographical references and indexes.
505 0 _a[1] Tanjore District handbook -- [2] Madurai -- [3] South Arcot -- [4] Coimbatore -- [5] Salem -- [6] Ramanathapuram -- [7] Pudukkottai -- [8] Kanniyakumari District -- [9] Nilgiris District -- [10] Tiruchirappalli (pt. 1-2) -- [11] Dharmapuri -- [12] Kancheepuram and Tiruvallur districts (erstwhile Chengalpattu District -- [13] Tirunelveli District (v. 1-2) -- [14] Thoothukudi District (v. 1-2)
651 0 _aTamil Nadu (India)
_vGazetteers.
700 1 _aBaliga, B. S.,
_cRao Bahadur.
999 _c61531
_d61531